000 00404cam a2200157ua 4500
041 _aeng
_h
082 _a621.433
_bYAH/TU
100 _aYahya, S M .
245 _aTurbine compressors and fans /
_cS M Yahya.
_hTextual Documents
250 _a1 /
_b.
260 _aNew Delhi :
_bTata Mc-Graw Hill Publishing Company ,
_c1987.
300 _a678 ; .
504 _a
942 _cBK
999 _c5634
_d5634